Statistics for Capitals Beginning with "CAPITAL"

Click here to take the quiz!

General Stats

  • This quiz has been taken 270 times
    (259 since last reset)
  • The average score is 42 of 64

Answer Stats

HintAnswer% Correct
CCairo
84%
LLisbon
83%
IIslamabad
81%
LLondon
81%
PPort-au-Prince
79%
PPort Moresby
79%
TTehran
79%
AAmsterdam
76%
AAthens
76%
LLuanda
76%
PParis
76%
PPort of Spain
75%
TTallinn
75%
AAddis Ababa
74%
AAndorra La Vella
74%
PPort Louis
74%
LLusaka
73%
PPristina
73%
AAnkara
72%
CCanberra
72%
CCaracas
72%
PPorto-novo
72%
PPrague
72%
AAbuja
71%
AAccra
71%
AAsunción
71%
AAlgiers
70%
LLima
70%
PPort Vila
70%
AAsmara
69%
CCopenhagen
69%
AAmman
67%
TTashkent
67%
PPodgorica
66%
PPyongyang
66%
TTokyo
66%
TTunis
66%
AApia
65%
AAshgabat
64%
AAstana
64%
PParamaribo
64%
AAntananarivo
63%
PPanama City
63%
TTripoli
63%
CCastries
62%
PPhnom Penh
61%
TTegucigalpa
61%
AAbu Dhabi
60%
LLilongwe
60%
PPretoria
60%
CChisinau
58%
CConakry
58%
TT'bilisi
58%
LLomé
56%
TTaipei
56%
TThimphu
55%
TTirana
54%
LLjubljana
53%
PPalikir
53%
PPraia
53%
LLa Paz
49%
LLibreville
40%
LLuxembourg City
29%
PPutrajaya
3%

Score Distribution

Percentile by Number Answered

Percent of People with Each Score

Your Score History

You have not taken this quiz since the last reset